Administración de discrepancias en obras 2005

Uloženo v:
Podrobná bibliografie
Korporace: Instituto del Cemento y del Hormigón de Chile (Autor), Comité de Revisión de Contratos de Construcción (Autor)
Médium: Kniha
Jazyk:španělština
Vydáno: Santiago Instituto del Cemento y del Hormigón de Chile 2005
Témata:
Tagy: Přidat tag
Žádné tagy, Buďte první, kdo vytvoří štítek k tomuto záznamu!

MARC

LEADER 00000nam a2200000 a 4500
001 UCI5190
003 CL-VaPUC
008 080314e20050000CL |||||||||||||||||spa|d
082 0 4 |a 346.022  |b INS  |2 21 
110 2 |a Instituto del Cemento y del Hormigón de Chile  |e author  |9 527337 
710 2 |a Comité de Revisión de Contratos de Construcción  |e author  |9 527338 
245 1 0 |a Administración de discrepancias en obras 2005 
300 |a Pág. irreg 
942 |c BK 
945 |d 20080314 00:00:00  |a jtorresc 
260 |a Santiago  |b Instituto del Cemento y del Hormigón de Chile  |c 2005 
650 7 |a CONTRATO DE CONSTRUCCION  |2 CL-VaPUC  |9 527339 
650 7 |a REOLUCION DE CONFLICTOS  |2 CL-VaPUC  |9 527340 
650 7 |a TECNICAS DE CONSTRUCCION  |2 CL-VaPUC  |9 428406 
650 0 |a Responsabilidad profesional  |9 381253 
650 7 |a DERECHOS DE LOS CONTRATOS  |2 CL-VaPUC  |9 527341 
583 |a last modification  |c 20080314 00:00:00  |k Rodrigo Vera 
999 |c 328953  |d 328951